ARTMS all songs (until June 2025) - Statistics

General Stats
  • This quiz has been taken 39 times
  • The average score is 16 of 24
Answer Stats
Hint Answer % Correct
BURN BURN
100%
Dall Virtual Angel
100%
Club Icarus Icarus
96%
Premiere single(Dall) Birth
92%
4th premiere single(Dall) Air
79%
Dall Unf/Air
79%
Dall Butterfly Effect
75%
Club Icarus Goddess
71%
Version Up(ODD EYE CIRCLE) Air Force One
67%
2nd premiere single(Dall) Flower Rhythm
67%
3rd premiere single(Dall) Candy Crush
63%
Version Up(ODD EYE CIRCLE) Je Ne Sais Quoi
63%
Dall Sparkle
63%
Club Icarus Verified Beauty
63%
Club Icarus Obsessed
58%
Dall The Hitchhiker's Guide to the Galaxy
58%
Dall Distress
54%
Digital single The Carol 3.0
54%
Version Up(ODD EYE CIRCLE) Love Me Like
50%
Version Up(ODD EYE CIRCLE) My Secret Playlist
50%
Club Icarus Club for the Broken
42%
Version Up(ODD EYE CIRCLE) Lucid
42%
Version Up(ODD EYE CIRCLE) Did You Wait?
38%
BURN Light It Up
38%
No matching quizzes found
Score Distribution
Percent of People with Each Score
Percentile by Number Answered
Your Score History
You have not taken this quiz